000 00638nam a2200241Ia 4500
003 OSt
005 20221005133235.0
006 a|||||r|||| 00| 0
007 ta
008 221004b |||||||| |||| 00| 0 eng d
024 _a67257
037 _cTextual
040 _aCRL
_cCRL
_beng
041 _2eng
_aeng
082 _aV4:710N50Q9, H8
100 _aStein Aurel
245 0 _aWall paintings from ancient shrines in Central Asia
260 _c1948
650 _aHISTORY
700 _a Andrews Fred H
_9154697
942 _hV4:710N50Q9, H8
_cTEXL
_2cc
999 _c1066223
_d1066223